000 00826nam a2200277Ia 4500
000 nam a22 i 4500
001 UNACH-6550
007 ta
008 221212s ||||fr|||| 00| | spa d
020 _a978-950-620-258-3
041 0 _aspa
082 0 4 _a338.09
_bPolítica económica
100 1 _aMarx, Karl,
_eautor
245 1 0 _aCrítica de la economía política.
300 _a138 páginas :
_bilustraciones y tablas
336 _atexto
_btxt
_2rdacontent
337 _ano mediado
_bn
_2rdamedia
338 _avolumen
_bnc
_2rdacarrier
505 0 _aPrefacio.-- La mercancía.-- Medio de circulación.-- El dinero.-- Los metales preciosos.
650 1 4 _aCIRCULACION DE LA MONEDA
650 2 4 _aMEDIO DE PAGO
650 2 4 _aSIGNO DEL VALOR
653 0 _aPolítica económica
942 _2ddc
_c1
_n0
999 _c5288
_d5288